<?xml version="1.0" encoding="UTF-8"?>
<collection xmlns="http://www.loc.gov/MARC21/slim">
  <record>
    <leader>00000nam  2200000   4500</leader>
    <controlfield tag="001">INLIS000000000003148</controlfield>
    <controlfield tag="005">20190701030929</controlfield>
    <datafield tag="035" ind1="#" ind2="#">
      <subfield code="a">0010-0718003148</subfield>
    </datafield>
    <controlfield tag="008">190701################g##########0#ind##</controlfield>
    <datafield tag="020" ind1="#" ind2="#">
      <subfield code="a">9794504084</subfield>
    </datafield>
    <datafield tag="041" ind1=" " ind2=" ">
      <subfield code="a">id</subfield>
    </datafield>
    <datafield tag="082" ind1="#" ind2="#">
      <subfield code="a">155,4</subfield>
    </datafield>
    <datafield tag="090" ind1=" " ind2=" ">
      <subfield code="a">155,4 Sya b</subfield>
    </datafield>
    <datafield tag="100" ind1=" " ind2="#">
      <subfield code="a">Syafei, M. Sahlan</subfield>
    </datafield>
    <datafield tag="245" ind1="1" ind2="#">
      <subfield code="a">Bagaimana Anda Mendidik Anak /</subfield>
      <subfield code="c">M. Sahlan Syafei</subfield>
    </datafield>
    <datafield tag="250" ind1="#" ind2="#">
      <subfield code="a">Ed. 1 Cet. 1</subfield>
    </datafield>
    <datafield tag="260" ind1="#" ind2="#">
      <subfield code="a">Jakarta :</subfield>
      <subfield code="b">Penerbit Ghalia Indonesia,</subfield>
      <subfield code="c">2002</subfield>
    </datafield>
    <datafield tag="300" ind1="#" ind2="#">
      <subfield code="a">139 hlm. :</subfield>
      <subfield code="b">ilus ;</subfield>
      <subfield code="c">21 cm</subfield>
    </datafield>
    <datafield tag="650" ind1=" " ind2="#">
      <subfield code="a">Mendidik Anak</subfield>
    </datafield>
    <datafield tag="084" ind1="#" ind2="#">
      <subfield code="a">155,4 Sya b</subfield>
    </datafield>
    <datafield tag="520" ind1="#" ind2="#">
      <subfield code="a">Upaya mendidik anak merupakan bagian tidak terpisahkan dari serangkaian kewajiban yang harus dilaksanakan oleh orang tua. Kewajiban ini sama pentingnya dengan mencari nafkah. Kewajiban mencari nafkah untuk memenuhi kebutuhan fisik/jasmani anak, sedangkan kewajiban mendidik adalah dalam rangka memenuhi kebutuhan mental rohaniahnya. Kedua kewajibah ini harus dilaksanakan secara seiring, serasi dan setara agar terjadi keseimbangan dalam pertumbuhan dan perkembangan anak. Buku ini berisi informasi tentang cara mendidik yang sesuai dengan kaidah ilmu mendidik, khusunya dalam rangka memperkecil terjadinya kesenjangan mendidik, Bab 1 membahas latar belakang mendidik, pengertian mendidik, obyek mendidik, dan alat-alat pendidikan. Tujuan pendidikan diuraikan dalam bab 2 dan bab 3 mengupas makna situasi pergaulan dan situasi pendidikan bagi anak. Bab 4 hingga bab 9 mencoba mengupas hingga usia remaja. Peranan ibu dalam mendidik anak dibahas dalam Bab 10 dan Bab 11 membahas kendala dan dampak negatif kegagalan dalam mendidik anak. Bab terakhir buku ini membahas kasih sayang dan hukuman.</subfield>
    </datafield>
    <datafield tag="856" ind1="#" ind2="#">
      <subfield code="a">Perpustakaan Lembaga Administrasi Negara</subfield>
    </datafield>
    <datafield tag="990" ind1="#" ind2="#">
      <subfield code="a">04108679</subfield>
    </datafield>
    <datafield tag="990" ind1="#" ind2="#">
      <subfield code="a">04108680</subfield>
    </datafield>
    <datafield tag="990" ind1="#" ind2="#">
      <subfield code="a">04108680</subfield>
    </datafield>
    <datafield tag="990" ind1="#" ind2="#">
      <subfield code="a">05019175</subfield>
    </datafield>
    <datafield tag="990" ind1="#" ind2="#">
      <subfield code="a">04108679</subfield>
    </datafield>
  </record>
</collection>
